Inventari de l'Arxiu Municipal de Maria de la Salut / Laura Marcús Maimó
Descripción Física:
105 p. ; 22 cm
MARC
| LEADER | 00000nam a2200000Ia 4500 | ||
|---|---|---|---|
| 001 | 9331 | ||
| 008 | 160829s1991 xx 000 0 cat d | ||
| 080 | |a A-1-321 | ||
| 100 | |a Marcús Maimó, Laura |9 20593 | ||
| 245 | |a Inventari de l'Arxiu Municipal de Maria de la Salut / Laura Marcús Maimó | ||
| 260 | |a Palma de Mallorca : |b Consell Insular de Mallorca, |c 1991 | ||
| 300 | |a 105 p. ; |c 22 cm | ||
| 490 | |a Publicacions del Consell Insular de Mallorca. Sèrie Arxius ; 7 | ||
| 650 | |a Arxiu Municipal de Maria de la Salut |x Inventaris |9 20594 | ||
| 710 | 1 | |a Mallorca (Illes Balears). |b Consell Insular |9 56483 | |
| 901 | |a Arxiu | ||
| 942 | |n 1 | ||
| 952 | |0 0 |1 0 |4 0 |6 A1321 |7 1 |9 41599 |a Arxiu |b Arxiu |d 2016-12-01 |l 0 |o A-1-321 |p 9331 |r 2016-12-01 00:00:00 |w 2016-12-01 |y ARXIU | ||
| 999 | |c 43489 |d 43489 | ||